[Event "C.to Italiano U16"]
[Site "Courmayeur ITA"]
[Date "2009.07.02"]
[Round "5"]
[White "Rossetti, Alberto"]
[Black "Cantoro, Daniele"]
[Result "1-0"]
[WhiteElo "1900"]
[BlackElo "1915"]
[PlyCount "123"]
[EventDate "2009.06.29"]

1. e4 c5 2. Nf3 Nc6 3. d4 cxd4 4. Nxd4 Nf6 5. Nc3 e5 6. Ndb5 d6 7. Bg5 a6 8.
Na3 b5 9. Nd5 Be7 10. Bxf6 Bxf6 11. c3 O-O 12. Nc2 Bg5 13. a4 bxa4 14. Rxa4 a5
15. Bc4 Rb8 16. b3 Kh8 17. O-O f5 18. exf5 Bxf5 19. Nce3 Be6 20. b4 Bxe3 21.
Nxe3 Bxc4 22. Nxc4 axb4 23. Qd5 Ne7 24. Qxd6 Qxd6 25. Nxd6 bxc3 26. Rc4 Nd5 27.
Rd1 Nf4 28. Kf1 Rb2 29. Rxc3 Ne2 30. Rc8 Rxc8 31. Nxc8 Nd4 32. Nd6 Kg8 33. Nc4
Rb5 34. Nxe5 Rxe5 35. Rxd4 Kf7 36. Rd6 Rb5 37. g3 Rb2 38. Kg2 g6 39. h4 h5 40.
Kf3 Kg7 41. Ke3 Ra2 42. f3 Rg2 43. Kf4 Rb2 44. Rd7+ Kf6 45. Rd6+ Kg7 46. Rd4
Rb5 47. g4 hxg4 48. fxg4 Ra5 49. Re4 Kf6 50. Rb4 Rc5 51. Rb6+ Kg7 52. Re6 Kh6
53. h5 Rc4+ 54. Kf3 Rc3+ 55. Ke2 Kg5 56. Rxg6+ Kf4 57. g5 Rg3 58. h6 Kf5 59.
Rg7 Rh3 60. h7 Rh5 61. g6 Kf6 62. Rg8 1-0

[Event "C.to Italiano U16"]
[Site "Courmayeur ITA"]
[Date "2009.07.02"]
[Round "5"]
[White "Rossetti, Alberto"]
[Black "Cantoro, Daniele"]
[Result "1-0"]
[WhiteElo "1900"]
[BlackElo "1915"]
[PlyCount "129"]
[EventDate "2009.06.29"]

1. e4 c5 2. Nf3 Nc6 3. d4 cxd4 4. Nxd4 Nf6 5. Nc3 e5 6. Ndb5 d6 7. Bg5 a6 8.
Na3 b5 9. Nd5 Be7 10. Bxf6 Bxf6 11. c3 O-O 12. Nc2 Bg5 13. a4 bxa4 14. Rxa4 a5
15. Bc4 Rb8 16. b3 Kh8 17. O-O f5 18. exf5 Bxf5 19. Nce3 Be6 20. b4 Bxe3 21.
Nxe3 Bxc4 22. Nxc4 axb4 23. Qd5 Ne7 24. Qxd6 Qxd6 25. Nxd6 bxc3 26. Rc4 Nd5 27.
Rd1 Nf4 28. Kf1 Rb2 29. Rxc3 Ne2 30. Rc8 Rxc8 31. Nxc8 Nd4 32. Nd6 Kg8 33. Nc4
Rb5 34. Nxe5 Rxe5 35. Rxd4 Kf7 36. Rd6 Ra5 37. g3 Ra2 38. h4 h5 39. Kg2 g6 40.
Kf3 Rb2 41. Ke3 Ra2 42. f3 Kg7 43. Ke4 Rg2 44. Kf4 Ra2 45. Rd5 Kf6 46. Rd6+ Kg7
47. Rd4 Ra1 48. g4 hxg4 49. fxg4 Ra5 50. Re4 Kf6 51. Rb4 Rc5 52. Rb6+ Kg7 53.
Re6 Kh6 54. h5 Rc4+ 55. Kf3 Rc3+ 56. Ke2 Kg5 57. Rxg6+ Kf4 58. g5 Kf5 59. Rg7
Rg3 60. h6 Rh3 61. h7 Ke6 62. g6 Kf6 63. Rg8 Rh2+ 64. Kf3 Rh3+ 65. Kg4 1-0

[Event "C.to Italiano U16"]
[Site "Courmayeur ITA"]
[Date "2009.07.02"]
[Round "5"]
[White "Stella, Andrea"]
[Black "Caprio, Guido"]
[Result "1/2-1/2"]
[WhiteElo "2276"]
[BlackElo "2205"]
[PlyCount "54"]
[EventDate "2009.06.29"]

1. d4 Nc6 2. Nc3 Nf6 3. Nf3 Nb8 4. Nb1 Ng8 5. Ng1 Nf6 6. c4 c5 7. d5 b5 8. cxb5
a6 9. e3 axb5 10. Bxb5 Qa5+ 11. Nc3 Bb7 12. Bd2 Qb6 13. Bc4 e6 14. Qf3 exd5 15.
Nxd5 Nxd5 16. Bxd5 Bxd5 17. Qxd5 Qxb2 18. Qxa8 Qxa1+ 19. Ke2 Bd6 20. Qd5 Be7
21. Qb3 Nc6 22. Bc3 Qc1 23. Bd2 Qa1 24. Bc3 Qc1 25. Bd2 Qa1 26. Bc3 Qc1 27. Bd2
Qa1 1/2-1/2

[Event "C.to Italiano U16"]
[Site "Courmayeur ITA"]
[Date "2009.07.02"]
[Round "5"]
[White "Testa, Adriano"]
[Black "Aghayev, Miragha"]
[Result "1/2-1/2"]
[WhiteElo "2132"]
[BlackElo "2106"]
[PlyCount "46"]
[EventDate "2009.06.29"]

1. e4 c5 2. Nf3 d6 3. d4 cxd4 4. Qxd4 Nc6 5. Bb5 Bd7 6. Bxc6 Bxc6 7. Nc3 Nf6 8.
Bg5 e6 9. O-O-O Be7 10. Rhe1 O-O 11. Kb1 Qa5 12. Qd2 Kh8 13. Nd4 Rfd8 14. f3
Rac8 15. g4 a6 16. h4 b5 17. Rg1 Ba8 18. Nb3 Qc7 19. Ne2 Ng8 20. Bxe7 Nxe7 21.
Qc3 Qb6 22. Qd4 Qc7 23. Qc3 Qb6 1/2-1/2

[Event "C.to Italiano U16"]
[Site "Courmayeur ITA"]
[Date "2009.07.03"]
[Round "6"]
[White "Aghayev, Miragha"]
[Black "Rossetti, Alberto"]
[Result "1/2-1/2"]
[WhiteElo "2106"]
[BlackElo "1900"]
[PlyCount "58"]
[EventDate "2009.06.29"]

1. e4 c6 2. d4 d5 3. Nc3 dxe4 4. Nxe4 Nd7 5. Ng5 Ngf6 6. Bc4 e6 7. Qe2 Nb6 8.
Bd3 h6 9. N5f3 c5 10. dxc5 Bxc5 11. Ne5 O-O 12. Ngf3 Nbd5 13. O-O b6 14. Rd1
Qc7 15. a3 Bb7 16. c4 Ne7 17. b4 Bd6 18. Bb2 Nc6 19. h3 Nxe5 20. Nxe5 a5 21.
Qe1 axb4 22. axb4 Rxa1 23. Rxa1 Ra8 24. Qc3 Rxa1+ 25. Bxa1 Qe7 26. Ng4 Bxb4 27.
Nxf6+ Qxf6 28. Qxf6 gxf6 29. Bxf6 Bf8 1/2-1/2

[Event "C.to Italiano U16"]
[Site "Courmayeur ITA"]
[Date "2009.07.03"]
[Round "6"]
[White "Fiducioso, Marco"]
[Black "Stella, Andrea"]
[Result "0-1"]
[WhiteElo "2124"]
[BlackElo "2276"]
[PlyCount "80"]
[EventDate "2009.06.29"]

1. e4 c5 2. Nf3 d6 3. d4 cxd4 4. Nxd4 Nf6 5. Nc3 a6 6. f3 e6 7. Be3 b5 8. g4
Bb7 9. g5 Nfd7 10. Qd2 Nb6 11. a4 Nc4 12. Bxc4 bxc4 13. h4 Nd7 14. h5 Qa5 15.
Kf2 Nc5 16. Qe2 Rc8 17. Bd2 Qd8 18. a5 g6 19. hxg6 fxg6 20. Na4 Bg7 21. c3 Qxa5
22. Nxc5 Qxc5 23. Be3 Qe5 24. Rh4 O-O 25. Kg2 d5 26. Rah1 Qd6 27. Rxh7 e5 28.
Qe1 dxe4 29. Qh4 exf3+ 30. Kf2 Rc7 31. Ne6 Qxe6 32. Bc5 Qd7 33. Rh8+ Kf7 34.
Rxf8+ Bxf8 35. Qxc4+ Qd5 36. Qxd5+ Bxd5 37. Rh7+ Bg7 38. Bd6 Rb7 39. b4 e4 40.
Rh4 Ke6 0-1

[Event "C.to Italiano U16"]
[Site "Courmayeur ITA"]
[Date "2009.07.03"]
[Round "6"]
[White "Gregori, Giuliano"]
[Black "Bifulco, Michel"]
[Result "1-0"]
[WhiteElo "1879"]
[BlackElo "2015"]
[PlyCount "91"]
[EventDate "2009.06.29"]

1. e4 e6 2. d3 d5 3. Nd2 c5 4. Ngf3 Nc6 5. g3 Bd6 6. c3 Nge7 7. Qe2 Qc7 8. Bg2
O-O 9. O-O b6 10. Re1 Ng6 11. h4 Ba6 12. c4 dxc4 13. dxc4 Bb7 14. b3 Nb4 15. e5
Nxe5 16. Nxe5 Bxg2 17. Kxg2 Nc2 18. Bb2 Bxe5 19. Bxe5 Qc6+ 20. Nf3 Nxe1+ 21.
Rxe1 Rad8 22. Kg1 a6 23. a4 Qd7 24. Bc3 Qd3 25. Qe5 f6 26. Qxe6+ Kh8 27. Re3
Qd1+ 28. Kg2 Qd6 29. Qxd6 Rxd6 30. Bd2 Rfd8 31. Kf1 g5 32. hxg5 fxg5 33. Bc3+
Kg8 34. Nxg5 h6 35. Ne4 Rd1+ 36. Ke2 Rc1 37. Rd3 Rxd3 38. Kxd3 Rd1+ 39. Kc2 Rd8
40. Nf6+ Kf7 41. Nd5 Rd6 42. Be5 Re6 43. f4 Rg6 44. f5 Rg5 45. Ne3 h5 46. Kd3
1-0

[Event "C.to Italiano U16"]
[Site "Courmayeur ITA"]
[Date "2009.07.03"]
[Round "6"]
[White "Reggio, Davide"]
[Black "Calculli, Tommaso"]
[Result "1-0"]
[WhiteElo "1530"]
[BlackElo "1437"]
[PlyCount "47"]
[EventDate "2009.06.29"]

1. e4 e5 2. Nf3 Nc6 3. d4 Bb4+ 4. c3 Ba5 5. Nxe5 Nxe5 6. dxe5 d6 7. exd6 cxd6
8. Bf4 Bc7 9. Bb5+ Bd7 10. Bxd7+ Qxd7 11. O-O Nf6 12. Re1 O-O 13. Na3 Rfe8 14.
Qd3 Rad8 15. Rad1 Re6 16. Nb5 a6 17. Nxc7 Qxc7 18. e5 Ne8 19. exd6 Nxd6 20.
Rxe6 fxe6 21. Bxd6 Rxd6 22. Qxd6 Qxd6 23. Rxd6 e5 24. Re6 1-0

[Event "C.to Italiano U16"]
[Site "Courmayeur ITA"]
[Date "2009.07.03"]
[Round "7"]
[White "Aghayev, Miragha"]
[Black "Gregori, Giuliano"]
[Result "1-0"]
[WhiteElo "2106"]
[BlackElo "1879"]
[PlyCount "69"]
[EventDate "2009.06.29"]

1. e4 c6 2. d4 d5 3. Nc3 dxe4 4. Nxe4 Bf5 5. Ng3 Bg6 6. h4 h6 7. Nf3 Nd7 8. h5
Bh7 9. Bd3 Bxd3 10. Qxd3 e6 11. Bd2 Qc7 12. O-O-O Ngf6 13. Ne4 Nxe4 14. Qxe4
Nf6 15. Qe2 O-O-O 16. Kb1 Kb8 17. c4 c5 18. Bc3 cxd4 19. Nxd4 a6 20. Nb3 Ka8
21. Ba5 b6 22. Rxd8+ Qxd8 23. Rd1 Qc7 24. c5 Bxc5 25. Nxc5 Qxc5 26. Qxa6+ Kb8
27. Bxb6 Qe7 28. Rd3 Qb7 29. Qa5 Nd5 30. Rb3 Kc8 31. Be3 Qc6 32. Qa7 Qd6 33.
Qa8+ Kd7 34. Qxh8 Nxe3 35. Rb7+ 1-0

[Event "C.to Italiano U16"]
[Site "Courmayeur ITA"]
[Date "2009.07.03"]
[Round "7"]
[White "Consalvo, Gerardo"]
[Black "Di Misa, Salvatore"]
[Result "1/2-1/2"]
[WhiteElo "2051"]
[BlackElo "1843"]
[PlyCount "90"]
[EventDate "2009.06.29"]

1. e4 c5 2. c3 d5 3. exd5 Qxd5 4. d4 Nc6 5. Nf3 Nf6 6. Be2 Bg4 7. O-O e6 8. c4
Qd8 9. dxc5 Bxc5 10. Nc3 O-O 11. Bg5 Be7 12. Be3 Rc8 13. Qa4 a6 14. c5 Qc7 15.
b4 Ne5 16. Nxe5 Qxe5 17. Qb3 Bxe2 18. Nxe2 Ng4 19. Ng3 Nxe3 20. Qxe3 Qxe3 21.
fxe3 b6 22. cxb6 Rb8 23. a3 Rxb6 24. Rac1 a5 25. bxa5 Ra6 26. a4 Rxa5 27. Rc4
Rfa8 28. Ra1 Re5 29. Kf2 Bc5 30. Rc3 f5 31. Ne2 g5 32. g3 f4 33. gxf4 gxf4 34.
Nxf4 Rf5 35. Ke2 Kf7 36. Nd3 Bd6 37. h3 Rg8 38. Rf1 Rg2+ 39. Rf2 Rfxf2+ 40.
Nxf2 Bg3 41. Kf3 Rxf2+ 42. Kxg3 Ra2 43. Rc7+ Kf6 44. Ra7 h6 45. a5 Re2 1/2-1/2

[Event "C.to Italiano U16"]
[Site "Courmayeur ITA"]
[Date "2009.07.03"]
[Round "7"]
[White "Rossetti, Alberto"]
[Black "Giuntoli, Matteo"]
[Result "0-1"]
[WhiteElo "1900"]
[BlackElo "1923"]
[PlyCount "58"]
[EventDate "2009.06.29"]

1. e4 e5 2. Nf3 Nc6 3. d4 exd4 4. Nxd4 Bc5 5. Nxc6 bxc6 6. Bc4 Qf6 7. O-O Ne7
8. Nc3 O-O 9. Na4 Bb6 10. Nxb6 cxb6 11. e5 Qxe5 12. Re1 Qf6 13. Bd2 Ng6 14. Bc3
Qg5 15. Qd4 Nh4 16. Kf1 Qxg2+ 17. Ke2 Re8+ 18. Kd1 Rxe1+ 19. Bxe1 Nf3 20. Qf4
d5 21. Bf1 Qxf1 22. Qxf3 Ba6 23. Qe3 Kf8 24. Qe5 Re8 25. Qd6+ Kg8 26. Kd2 Qe2+
27. Kc3 Qc4+ 28. Kd2 Re2+ 29. Kd1 Rxe1+ 0-1

[Event "C.to Italiano U16"]
[Site "Courmayeur ITA"]
[Date "2009.07.03"]
[Round "7"]
[White "Stella, Andrea"]
[Black "Testa, Adriano"]
[Result "0-1"]
[WhiteElo "2276"]
[BlackElo "2132"]
[PlyCount "78"]
[EventDate "2009.06.29"]

1. d4 d5 2. c4 e6 3. Nc3 c6 4. cxd5 exd5 5. Qc2 Bd6 6. Nf3 Ne7 7. Bg5 f6 8. Bh4
Bf5 9. Qd2 Nd7 10. e3 O-O 11. Bg3 Nb6 12. Be2 Nbc8 13. O-O Bxg3 14. hxg3 Nd6
15. Bd3 Qe8 16. Rac1 Qh5 17. Rfe1 Rae8 18. Qc2 Bxd3 19. Qxd3 Nef5 20. Nh2 Nh6
21. Qd1 Qg6 22. Qa4 a6 23. Qb4 f5 24. Na4 Rf7 25. Nc5 Ne4 26. Nd3 Ng4 27. Nf1
Qh6 28. Re2 g5 29. Qe1 Re6 30. f3 Qh5 31. fxg4 fxg4 32. Nf2 Rxf2 33. Rxf2 Rh6
34. Rf8+ Kxf8 35. Qb4+ Kg8 36. Nh2 Qxh2+ 37. Kf1 Qh1+ 38. Ke2 Qxc1 39. Kd3 Qd2+
0-1

[Event "C.to Italiano U16"]
[Site "Courmayeur ITA"]
[Date "2009.07.04"]
[Round "8"]
[White "Caprio, Guido"]
[Black "Aghayev, Miragha"]
[Result "1-0"]
[WhiteElo "2205"]
[BlackElo "2106"]
[PlyCount "75"]
[EventDate "2009.06.29"]

1. e4 c5 2. Nf3 d6 3. d4 cxd4 4. Nxd4 Nf6 5. Nc3 a6 6. Be3 e5 7. Nf3 Be7 8. Bc4
O-O 9. O-O Qc7 10. Bb3 Nbd7 11. Bg5 h6 12. Bxf6 Nxf6 13. Qd3 Rd8 14. Nh4 Kf8
15. Nf5 Bxf5 16. exf5 Qc5 17. Bd5 Rab8 18. Rfd1 Rdc8 19. Rac1 b5 20. Ne4 Nxe4
21. Bxe4 Rb6 22. c3 a5 23. Bd5 Bf6 24. g3 Qc7 25. Kg2 Qb8 26. Qe4 Rc5 27. b4
Rc7 28. bxa5 Ra6 29. Qb4 Bd8 30. c4 Rc5 31. f6 g5 32. cxb5 Rxb5 33. Qe4 Bxf6
34. Qf5 Kg7 35. Rc8 Qa7 36. Be4 Be7 37. Rg8+ Kxg8 38. Qh7+ 1-0

[Event "C.to Italiano U16"]
[Site "Courmayeur ITA"]
[Date "2009.07.04"]
[Round "8"]
[White "Fiducioso, Marco"]
[Black "Mameli, Gianluca"]
[Result "1-0"]
[WhiteElo "2124"]
[BlackElo "1876"]
[PlyCount "155"]
[EventDate "2009.06.29"]

1. e4 Nc6 2. Nf3 e5 3. d4 exd4 4. Nxd4 Bc5 5. Nxc6 Qf6 6. Qd2 dxc6 7. Nc3 Be6
8. Na4 Rd8 9. Bd3 Bd6 10. Qe3 Be5 11. O-O Nh6 12. h3 b5 13. Nc3 Bd4 14. Qg3 Qg6
15. Bf4 Qxg3 16. Bxg3 Bb6 17. Ne2 O-O 18. a4 bxa4 19. Rxa4 f5 20. Nf4 Bc8 21.
e5 Rd4 22. Rxd4 Bxd4 23. Bc4+ Kh8 24. Nd3 g5 25. c3 Bb6 26. h4 f4 27. Bh2 Bf5
28. Nb4 Ng4 29. e6 Re8 30. hxg5 Bxe6 31. Bxe6 Rxe6 32. Bxf4 Nxf2 33. Bxc7 Nh3+
34. Kh2 Nxg5 35. Bxb6 axb6 36. Rf8+ Kg7 37. Rb8 c5 38. Nd5 Ne4 39. Nxb6 Kf6 40.
Nd7+ Ke7 41. Nb6 Kf6 42. Na4 Ra6 43. Nb6 Ke6 44. Nc4 Ra7 45. Ne3 Re7 46. Rb6+
Ke5 47. Rh6 Rg7 48. Nc4+ Kd5 49. Nb6+ Ke5 50. Rh5+ Kd6 51. Nc4+ Kc6 52. Re5 Rg4
53. Rh5 Rg7 54. Ne3 Re7 55. c4 Nf6 56. Rh6 Re6 57. Kg1 Kd7 58. Rh3 Kd6 59. Rf3
Ke5 60. b3 Ne4 61. Rh3 Nf6 62. Nd5 Kd4 63. Nxf6 Rxf6 64. Rxh7 Ke4 65. Rh3 Rf7
66. Rh5 Kd4 67. Rd5+ Kc3 68. Rxc5 Kxb3 69. Rc8 Kb4 70. g3 Ka5 71. Kg2 Kb6 72.
g4 Kb7 73. Rc5 Kb6 74. Rf5 Rc7 75. c5+ Kc6 76. g5 Ra7 77. Kg3 Re7 78. Kg4 1-0

[Event "C.to Italiano U16"]
[Site "Courmayeur ITA"]
[Date "2009.07.04"]
[Round "8"]
[White "Innocenti, Giovanni"]
[Black "Miandro, Steven"]
[Result "1-0"]
[WhiteElo "1973"]
[BlackElo "1878"]
[PlyCount "47"]
[EventDate "2009.06.29"]

1. e4 c5 2. Nc3 Nc6 3. g3 g6 4. Bg2 Bg7 5. d3 d6 6. Be3 e6 7. Qd2 Nge7 8. Bh6
O-O 9. h4 f5 10. Bxg7 Kxg7 11. h5 Qe8 12. Nb5 Qf7 13. Nxd6 Qf6 14. hxg6 Qxg6
15. Qc3+ Qf6 16. Ne8+ Rxe8 17. Rxh7+ Kxh7 18. Qxf6 Kg8 19. Qg5+ Kf7 20. Nf3 Rg8
21. Qh5+ Ng6 22. Ng5+ Kf8 23. exf5 exf5 24. Bd5 1-0

[Event "C.to Italiano U16"]
[Site "Courmayeur ITA"]
[Date "2009.07.04"]
[Round "8"]
[White "Marguerettaz, Davy"]
[Black "Stella, Andrea"]
[Result "0-1"]
[WhiteElo "2056"]
[BlackElo "2276"]
[PlyCount "94"]
[EventDate "2009.06.29"]

1. d4 Nf6 2. c4 Nc6 3. Nf3 e6 4. a3 d6 5. Nc3 g6 6. e4 Bg7 7. Be2 O-O 8. O-O
Re8 9. Bg5 h6 10. Bh4 g5 11. Bg3 Nh5 12. d5 Nxg3 13. hxg3 Ne5 14. Nd4 c6 15.
Nc2 exd5 16. cxd5 Ng6 17. Ne3 c5 18. Qc2 Bd4 19. Nf5 Bxf5 20. exf5 Ne5 21. Ne4
Qe7 22. f6 Qf8 23. Kh1 Nd7 24. Bb5 Rxe4 25. Qxe4 Nxf6 26. Qf5 Qc8 27. Qc2 Qg4
28. Be2 Qe4 29. Bd3 Qg4 30. Bf5 Qh5+ 31. Kg1 g4 32. Rae1 Qg5 33. Re7 Nh5 34.
Rfe1 Nxg3 35. Bh7+ Kg7 36. Qd3 Nh5 37. Qe4 Rf8 38. Qf5 Qxf5 39. Bxf5 g3 40. Rf1
Kf6 41. Rxb7 Kxf5 42. Rxa7 gxf2+ 43. Kh2 Kf4 44. Ra4 Ke3 45. g4 Ke2 46. Rxf2+
Kxf2 47. gxh5 Rg8 0-1

[Event "C.to Italiano U16"]
[Site "Courmayeur ITA"]
[Date "2009.07.04"]
[Round "8"]
[White "Rossetti, Alberto"]
[Black "Dappiano, Andrea"]
[Result "1/2-1/2"]
[WhiteElo "1900"]
[BlackElo "1927"]
[PlyCount "90"]
[EventDate "2009.06.29"]

1. e4 e6 2. d4 d5 3. e5 c5 4. c3 Nc6 5. Nf3 Qb6 6. a3 Nh6 7. b4 cxd4 8. cxd4
Nf5 9. Be3 f6 10. exf6 gxf6 11. Bd3 Nxe3 12. fxe3 e5 13. b5 e4 14. bxc6 bxc6
15. O-O exd3 16. Nh4 Be7 17. Qh5+ Kd8 18. Ng6 Bg4 19. Qh4 Be2 20. Rxf6 hxg6 21.
Rd6+ Kc8 22. Qxe7 Rd8 23. Rxg6 Qc7 24. Qe6+ Kb7 25. Nc3 Rac8 26. Rb1+ Ka8 27.
Nxe2 dxe2 28. Qg4 Rb8 29. Re1 Rb2 30. Rg8 Rxg8 31. Qxg8+ Kb7 32. Qg4 Qa5 33.
Rxe2 Rxe2 34. Qxe2 Qxa3 35. h4 a5 36. h5 Qd6 37. g4 a4 38. Kg2 a3 39. g5 Qb4
40. g6 Qb2 41. Qxb2+ axb2 42. g7 b1=Q 43. g8=Q Qe4+ 44. Kf2 Qh4+ 45. Qg3 Qxh5
1/2-1/2

[Event "C.to Italiano U16"]
[Site "Courmayeur ITA"]
[Date "2009.07.04"]
[Round "8"]
[White "Testa, Adriano"]
[Black "Giuntoli, Matteo"]
[Result "1-0"]
[WhiteElo "2132"]
[BlackElo "1923"]
[PlyCount "53"]
[EventDate "2009.06.29"]

1. e4 e5 2. Nf3 Nc6 3. Bc4 Nf6 4. d3 Bc5 5. c3 O-O 6. Nbd2 a6 7. Bb3 Ba7 8. h3
b5 9. O-O d6 10. Re1 Ne7 11. Nf1 Ng6 12. Ng3 Bb7 13. Nf5 Re8 14. Nh2 d5 15. Qf3
c5 16. Bg5 dxe4 17. dxe4 c4 18. Bc2 Qb6 19. Bxf6 Qxf6 20. Nh6+ Kf8 21. Qxf6
gxf6 22. Rad1 Rad8 23. N2g4 Nf4 24. Nxf6 Rxd1 25. Rxd1 Re6 26. Nf5 Bb6 27. Nd7+
1-0

[Event "C.to Italiano U16"]
[Site "Courmayeur ITA"]
[Date "2009.07.05"]
[Round "9"]
[White "Di Misa, Salvatore"]
[Black "Stella, Andrea"]
[Result "0-1"]
[WhiteElo "1843"]
[BlackElo "2276"]
[PlyCount "114"]
[EventDate "2009.06.29"]

1. e4 e6 2. d4 d5 3. e5 c5 4. c3 Nc6 5. Nf3 Nh6 6. Bd3 cxd4 7. cxd4 Nf5 8. Be3
Nxe3 9. fxe3 Be7 10. O-O Nb4 11. Be2 O-O 12. a3 Nc6 13. Bd3 f5 14. exf6 Bxf6
15. Nc3 Bd7 16. Ne5 Nxe5 17. Bxh7+ Kxh7 18. Qh5+ Kg8 19. dxe5 Qe8 20. Qxe8
Raxe8 21. exf6 gxf6 22. Rad1 Bc6 23. Rd2 Kf7 24. b4 Rc8 25. Rdf2 Ke7 26. Rc2
Ba4 27. Rcc1 Bd7 28. Rfd1 Rc4 29. Ne2 b5 30. Nd4 Rfc8 31. Ne2 a5 32. bxa5 Ra8
33. Rxc4 dxc4 34. Rc1 Rxa5 35. Rc3 e5 36. Ng3 f5 37. e4 f4 38. Nf1 Bc6 39. Nd2
Kd6 40. Kf2 Ra8 41. Kf3 Kc5 42. Nb3+ Kb6 43. Nd2 Rd8 44. Ke2 Rd4 45. a4 Bxe4
46. axb5 Kxb5 47. Nxe4 Rxe4+ 48. Kf3 Rd4 49. h4 Kb4 50. Rc1 c3 51. Rb1+ Ka3 52.
Rb8 c2 53. Rc8 Kb2 54. h5 c1=Q 55. Rxc1 Kxc1 56. Kg4 Kd2 57. Kf5 e4 0-1

[Event "C.to Italiano U16"]
[Site "Courmayeur ITA"]
[Date "2009.07.05"]
[Round "9"]
[White "Fiorentini, Paolo"]
[Black "Rossetti, Alberto"]
[Result "1/2-1/2"]
[WhiteElo "1973"]
[BlackElo "1900"]
[PlyCount "124"]
[EventDate "2009.06.29"]

1. e4 c6 2. d3 d5 3. Nd2 e5 4. Ngf3 Bd6 5. g3 Nf6 6. Bg2 O-O 7. O-O Qc7 8. Re1
h6 9. h3 Be6 10. Qe2 d4 11. Nf1 Nfd7 12. g4 c5 13. b3 Nc6 14. Ng3 b5 15. Nf5
Nb6 16. N3h4 c4 17. dxc4 bxc4 18. Qf3 Be7 19. Bf1 Bxh4 20. Nxh4 cxb3 21. cxb3
Nb4 22. Ba3 a5 23. Rec1 Qd7 24. Nf5 Rfc8 25. Qd1 Rxc1 26. Bxc1 a4 27. Bd2 Na6
28. Ba5 Nc8 29. b4 Nd6 30. Nxd6 Qxd6 31. Qxa4 h5 32. gxh5 Qe7 33. Qa3 Qg5+ 34.
Qg3 Qxg3+ 35. fxg3 Nc5 36. Bc7 Nxe4 37. Bxe5 Rxa2 38. Rxa2 Bxa2 39. Bd3 Bd5 40.
Bxe4 Bxe4 41. Bxd4 Kh7 42. g4 f5 43. Be3 fxg4 44. hxg4 Bf3 45. g5 Bxh5 46. Kf2
Be8 47. Kg3 Kg6 48. Kf4 Kf7 49. Ke5 Ke7 50. Bc5+ Kd7 51. Bf8 g6 52. Kf6 Kc7 53.
Bc5 Kb7 54. Be3 Ka6 55. Bc5 Kb5 56. Bf8 Ka6 57. Ke7 Bb5 58. Kd6 Bd3 59. Kc6
Be4+ 60. Kc5 Kb7 61. b5 Bf5 62. b6 Bb1 1/2-1/2

[Event "C.to Italiano U16"]
[Site "Courmayeur ITA"]
[Date "2009.07.05"]
[Round "9"]
[White "Giuntoli, Matteo"]
[Black "Aghayev, Miragha"]
[Result "0-1"]
[WhiteElo "1923"]
[BlackElo "2106"]
[PlyCount "80"]
[EventDate "2009.06.29"]

1. e4 c5 2. c3 d5 3. exd5 Qxd5 4. d4 Nf6 5. Nf3 e6 6. Be2 Nc6 7. Na3 Be7 8. O-O
O-O 9. Nc2 Rd8 10. Bf4 cxd4 11. Ncxd4 e5 12. Nxc6 Qxc6 13. Bd2 Qc7 14. Qa4 Bd7
15. Bb5 Bf5 16. Be3 Ng4 17. g3 Nxe3 18. fxe3 Bc5 19. Bc4 Bxe3+ 20. Kg2 Bh6 21.
Rae1 Re8 22. Nxe5 Rxe5 23. Rxf5 Rxe1 24. Rxf7 Qxf7 25. Bxf7+ Kxf7 26. Qc4+ Re6
27. Qc7+ Re7 28. Qc5 Be3 29. Qf5+ Kg8 30. Qd3 Kh8 31. b4 h6 32. a4 b6 33. c4
Rae8 34. a5 bxa5 35. bxa5 Bd2 36. c5 Bxa5 37. c6 Bb6 38. Kh3 Rc7 39. Kg2 Rec8
40. Kh3 Rxc6 0-1

[Event "C.to Italiano U16"]
[Site "Courmayeur ITA"]
[Date "2009.07.05"]
[Round "9"]
[White "Piscitelli, Vito"]
[Black "Caprio, Guido"]
[Result "1/2-1/2"]
[WhiteElo "2047"]
[BlackElo "2205"]
[PlyCount "85"]
[EventDate "2009.06.29"]

1. e4 g6 2. d4 Bg7 3. Nc3 d6 4. f4 a6 5. Nf3 b5 6. Bd3 Nd7 7. e5 c5 8. Ng5 cxd4
9. e6 f5 10. Nd5 Nc5 11. Nf7 Bxe6 12. Nxd8 Bxd5 13. O-O Rxd8 14. b3 e5 15. c4
e4 16. Re1 Ne7 17. Bf1 Bc6 18. cxb5 axb5 19. Bb2 Ne6 20. a4 bxa4 21. bxa4 Nd5
22. Bb5 Bxb5 23. axb5 Ndxf4 24. Qb3 d5 25. b6 O-O 26. b7 d3 27. Bxg7 Kxg7 28.
Qb6 d2 29. Qb2+ d4 30. Qxd2 e3 31. Qb2 Nd3 32. Qb6 Nxe1 33. Rxe1 Rfe8 34. Kf1
Ng5 35. h4 Ne4 36. Qc7+ Kg8 37. Ra1 Nd2+ 38. Kg1 e2 39. Kh2 Nf1+ 40. Kg1 Nd2
41. Kh2 Nf1+ 42. Kg1 Nd2 43. Kh2 1/2-1/2

[Event "C.to Italiano U16"]
[Site "Courmayeur ITA"]
[Date "2009.07.05"]
[Round "9"]
[White "Testa, Adriano"]
[Black "Fiducioso, Marco"]
[Result "0-1"]
[WhiteElo "2132"]
[BlackElo "2124"]
[PlyCount "92"]
[EventDate "2009.06.29"]

1. e4 Nf6 2. d3 e5 3. Nf3 Nc6 4. g3 d5 5. exd5 Nxd5 6. Bg2 Be7 7. O-O O-O 8. h3
f5 9. Nc3 Be6 10. Bg5 Nxc3 11. Bxe7 Qxe7 12. bxc3 Rad8 13. Qe2 Bd5 14. Rfe1
Rfe8 15. Nh4 g6 16. Bxd5+ Rxd5 17. Ng2 Qa3 18. Ne3 Rdd8 19. Nd1 Qa5 20. Rb1 b6
21. Rb2 Kf7 22. Rf1 Kg7 23. Kh2 Qd5 24. f3 Ne7 25. g4 Qd6 26. Kh1 Nd5 27. gxf5
gxf5 28. Ne3 Kh8 29. Nxd5 Qxd5 30. Rg1 e4 31. fxe4 fxe4 32. d4 Rg8 33. Rb5
Rxg1+ 34. Kxg1 Rg8+ 35. Kh1 Qxa2 36. Qf1 Qe6 37. Rf5 Qg6 38. Rf4 e3 39. Rg4
Qc6+ 40. Kh2 Rxg4 41. hxg4 Qd6+ 42. Kh3 Qe7 43. Qe2 a5 44. c4 a4 45. d5 a3 46.
d6 cxd6 0-1

[Event "C.to Italiano U16 femminile"]
[Site "Courmayeur ITA"]
[Date "2009.06.29"]
[Round "1"]
[White "Lucana, Alexandra"]
[Black "Casolino, Rosamaria"]
[Result "0-1"]
[WhiteElo "1506"]
[BlackElo "1826"]
[PlyCount "64"]
[EventDate "2009.06.29"]

1. d4 Nf6 2. e3 e6 3. Nf3 b6 4. Bd2 Bb7 5. Be2 c5 6. c3 Be7 7. Nh4 Ne4 8. Nf3
O-O 9. Na3 Na6 10. Nc4 Nc7 11. Nce5 d6 12. Nd3 f5 13. Bc1 Bh4 14. Nxh4 Qxh4 15.
Bf3 c4 16. g3 Qh6 17. Nb4 a5 18. Nc2 Nd5 19. O-O g5 20. Bg2 g4 21. f3 gxf3 22.
Bxf3 Ndf6 23. Na3 Rac8 24. Nb5 Rf7 25. Bxe4 Nxe4 26. Rf4 Nxg3 27. Nxd6 Rg7 28.
Nxc8 Ne2+ 29. Kf1 Nxf4 30. e4 Qh3+ 31. Ke1 Rg1+ 32. Kd2 Qd3# 0-1

[Event "C.to Italiano U16 femminile"]
[Site "Courmayeur ITA"]
[Date "2009.06.29"]
[Round "1"]
[White "Messina, Roberta"]
[Black "Battaglia, Domenica"]
[Result "1-0"]
[WhiteElo "1901"]
[BlackElo "1512"]
[PlyCount "53"]
[EventDate "2009.06.29"]

1. e4 e6 2. d4 d6 3. Nc3 g6 4. f4 Bg7 5. Nf3 Ne7 6. Bd3 Nd7 7. Be3 b6 8. e5 d5
9. Qd2 c5 10. Nb5 O-O 11. Nd6 c4 12. Be2 Nf5 13. Nxf5 exf5 14. h4 b5 15. h5 h6
16. Nh4 Qb6 17. Bf3 Bb7 18. g4 Qe6 19. gxf5 gxf5 20. Qg2 Kh7 21. Qh3 Rg8 22.
Nxf5 Nb6 23. Bg4 Qe8 24. Nd6 Qe7 25. Qh4 Qxh4+ 26. Rxh4 Bc6 27. Bf5+ 1-0

[Event "C.to Italiano U16 femminile"]
[Site "Courmayeur ITA"]
[Date "2009.06.30"]
[Round "2"]
[White "Casolino, Rosamaria"]
[Black "Pavei, Deborah"]
[Result "1-0"]
[WhiteElo "1826"]
[BlackElo "1618"]
[PlyCount "101"]
[EventDate "2009.06.29"]

1. e4 c5 2. Nc3 d6 3. g3 Nc6 4. Bg2 Nf6 5. d3 g6 6. h3 Bg7 7. Be3 a6 8. Qd2 Nd4
9. Nce2 Nxe2 10. Nxe2 Nd7 11. c3 Ne5 12. f4 Nc6 13. O-O Qc7 14. Rad1 Bd7 15. d4
cxd4 16. cxd4 e5 17. Rc1 Qd8 18. fxe5 dxe5 19. d5 Ne7 20. Bg5 h6 21. Be3 g5 22.
Nc3 O-O 23. Rf2 f5 24. d6 Nc6 25. exf5 Bxf5 26. Rcf1 Qd7 27. g4 Be6 28. Nd5 Kh8
29. Nb6 Rxf2 30. Qxf2 Qd8 31. Nxa8 Qxa8 32. Qc2 Qe8 33. a3 Bd7 34. Bd5 Nd4 35.
Bxd4 exd4 36. Qe4 Qd8 37. Qe7 Qc8 38. Be4 d3 39. Bxd3 Qc5+ 40. Kh1 Bc6+ 41. Be4
Bxe4+ 42. Qxe4 Qxd6 43. Qe8+ Kh7 44. Qe4+ Kh8 45. Qe8+ Kh7 46. Qe4+ Kh8 47.
Qxb7 Qd3 48. Qc8+ Kh7 49. Qf5+ Qxf5 50. Rxf5 Bxb2 51. Ra5 1-0